LEADER 01122nam2-22003131i-450 001 990004211370403321 005 20180515105839.0 010 $a84-920640-1-3 035 $a000421137 100 $a20010212d1996----km-y0itay50------ba 101 2 $alat$aspa 102 $aES 105 $ay-------001zy 200 1 $a<<2.: >>Historia de Carlos V$elibros 6-10$fJuan Ginés de Sepulveda$gedición critica y traducción de E. Rodriguez Peregrina$gestudio historico y notas a la traducción B. Cuart Moner 210 $aPozoblanco, Cordoba$cAyuntamiento$d1996 215 $aLIII, 151 p.$d24 cm 461 0$1001000421045$12001$aObras completas$v02 500 00$aHistoriarum de rebus gestis Caroli V,$min latino e spagnolo$919916 676 $a946.04$v21 700 1$aSepúlveda,$bJuan Ginés de$f<1490?-1573>$0386940 702 1$aRodriguez Peregrina,$bElena 702 1$aCuart Moner,$bB. 801 0$aIT$bUNINA$gRICA$2UNIMARC 901 $aBK 912 $a990004211370403321 952 $a946.04 SEP 1(2)$bBibl.36770$fFLFBC 959 $aFLFBC 996 $aHistoriarum de rebus gestis Caroli V$919916 997 $aUNINA LEADER 01418nam--2200385---450- 001 990002408550203316 005 20150930092658.0 035 $a000240855 035 $aUSA01000240855 035 $a(ALEPH)000240855USA01 035 $a000240855 100 $a20050317d1998----km-y0itay0103----ba 101 0 $aita 102 $aIT 105 $a||||||||001yy 200 1 $aCatalogo del fondo musicale della Biblioteca Capitolare di Padova$fAntonio Lovato$gla redazione e stata curata da Alberto Zanotelli 210 $aVenezia$cFondazione Levi$d1998 215 $aLXXIV, 1052 p.$d24 cm 225 2 $aFondazione Levi Ser. 3, Studimusicologici C, Cataloghi e bibliografie$v5 300 $aIn testa al fronepizio: Giunta Regionale del Veneto - Fondazione Levi 410 0$12001$aFondazione Levi Ser. 3, Studimusicologici C, Cataloghi e bibliografie 606 0 $aManoscritti musicali$xCataloghi$zSec. 16.-20. 676 $a016.78 700 1$aLOVATO,$bAntonio$0321591 702 $aZANOTELLI,$bAlberto 801 0$aIT$bsalbc$gISBD 912 $a990002408550203316 951 $aXVII A. 520$b3115 DLAS$cXVII A.$d00346164 959 $aBK 969 $aCAS 979 $aDLAS$b10$c20050317$lUSA01$h1115 979 $aPASSARO$b90$c20150930$lUSA01$h0925 979 $aPASSARO$b90$c20150930$lUSA01$h0926 996 $aCatalogo del fondo musicale della Biblioteca Capitolare di Padova$91065187 997 $aUNISA